00427pab a2200133 454500008004000000100002700040245009500067260000900162300001300171362001100184650004300195650002100238773003400259180718b2009 xxu||||| |||| 00| 0 eng d aBardhan, Pranab et al. aLocal democracy and clientelism: implications for political stability in rural West Bengal c2009 ap.46-69. a28 Feb aLocal government - India - West Bengal aLocal government aEconomic and Political Weekly